UK cities and towns that have held a Rugby World Cup match - Statistics

General Stats
  • This quiz has been taken 237 times
  • The average score is 13 of 22
Answer Stats
Country City % Correct
Wales Cardiff
97%
England London
97%
Northern Ireland Belfast
96%
England Manchester
94%
Scotland Edinburgh
93%
Scotland Glasgow
92%
England Newcastle
85%
England Birmingham
78%
England Leeds
77%
England Bristol
76%
England Leicester
76%
England Brighton
55%
England Exeter
51%
England Gloucester
51%
Wales Llanelli
50%
Wales Wrexham
48%
England Milton Keynes
28%
Wales Pontypridd
23%
England Huddersfield
19%
Wales Pontypool
19%
Scotland Galashiels
10%
England Otley
7%
No matching quizzes found
Score Distribution
Percent of People with Each Score
Percentile by Number Answered
Your Score History
You have not taken this quiz